000 01514nam a2200373 i 4500
001 14717
003 Mx-PuUPA
005 20260504111031.0
008 140415s2019 ag gr 001 0 spa d
020 _a9789508893390
040 _cMx-PuUPA
_aMx-PuUPA
_bspa
_dMx-PuUPA
_erda
041 1 _aspa
_hfre
100 1 _aChion, Michel,
_d1947-
_eautor
_910534
240 1 3 _aLe son. Ouïr, écouter, observer.
_lEspañol
245 1 3 _aEl sonido :
_boír, escuchar, observar /
_cMichel Chion ; traducción al español Víctor Goldstein
250 _a1a. ed. /
_bjulio
264 1 _aBuenos Aires, Argentina :
_bLa marca editora,
_c2019
300 _a302 páginas ;
_c23 cm
336 _2rdacontent
_atexto
_btxt
337 _2rdamedia
_asin medio
_bn
338 _2rdacarrier
_avolumen
_bnc
490 0 _aBiblioteca de la mirada
650 7 _2armarc
_aMedio audiovisuales
_vDiscursos, ensayos, conferencias
650 7 _2armrac
_aCine sonoro
650 7 _2armarc
_aPercepción auditiva
650 7 _2Sonido
_aDiscursos, ensayos, conferencias
700 1 _aGoldstein, Víctor,
_etraductor
765 0 _aChion, Michel
_tLe son. Ouïr, écouter, observer
_dMalakoff : Armand Colin, ©2017
942 _2ddc
_cLI
_h777.53
_iC5318
999 _c14717
_d14717